Loading...
| Fine Arts - Classical Music | 1 | 0.00 | 0% | 0% | 0% |
| Fine Arts - Other | 1 | 0.00 | 0% | 0% | 0% |
| History - American | 2 | 0.00 | 0% | 0% | 0% |
| History - European | 3 | 10.00 | 100% | 0% | 0% |
| History - Other | 1 | 10.00 | 100% | 0% | 0% |
| History - World | 1 | 0.00 | 0% | 0% | 0% |
| Literature - European | 1 | 10.00 | 100% | 0% | 0% |
| Literature - World | 2 | 10.00 | 100% | 0% | 0% |
| Mythology | 1 | 10.00 | 100% | 0% | 0% |
| Religion | 3 | 6.67 | 33% | 33% | 0% |
| Science - Biology | 1 | 10.00 | 100% | 0% | 0% |
| Science - Chemistry | 1 | 0.00 | 0% | 0% | 0% |
| Science - Other | 3 | 16.67 | 100% | 33% | 33% |
| Science - Physics | 1 | 10.00 | 100% | 0% | 0% |
| Social Science | 1 | 0.00 | 0% | 0% | 0% |